书目信息 |
| 题名: |
孟子名言
|
|
| 作者: | 骆承烈 编译 ;李天辰 , 刘世生 译 | |
| 分册: | ||
| 出版信息: | 济南 齐鲁书社 1991.12 |
|
| 页数: | 109页 | |
| 开本: | 19cm | |
| 丛书名: | ||
| 单 册: | ||
| 中图分类: | H319.4:B , H319.4 | |
| 科图分类: | ||
| 主题词: | ||
| 电子资源: | ||
| ISBN: | 7-5333-0227-3 | |
| 000 | 00931nam0 2200301 45 | |
| 001 | 0192007658 | |
| 005 | 20040511171352.4 | |
| 010 | @a7-5333-0227-3@dCNY2.10 | |
| 020 | @aCN@b92007658 | |
| 100 | @a19920805d1991 em y0chiy0121 ea | |
| 101 | 2 | @achi@aeng |
| 102 | @aCN@b370000 | |
| 105 | @ay z 000yy | |
| 106 | @ar | |
| 200 | 10 | @a孟子名言@Ameng zi ming yan@dA collection of Mencius' sayings@zeng@f骆承烈编译@Fluo cheng lie bian yi@g李天辰,刘世生译 |
| 210 | @a济南@c齐鲁书社@d1991.12 | |
| 215 | @a109页@d19cm | |
| 300 | @a汉英对照读本 | |
| 510 | 1 | @aA collection of Mencius' sayings@zeng |
| 540 | 1 | @a孟子 名言@Ameng zi ming yan |
| 600 | 0 | @a孟轲@x语录@x对照读物@x中、英 |
| 690 | @aH319.4:B@v3 | |
| 690 | @aH319.4 | |
| 701 | 0 | @a骆承烈@Aluo cheng lie@4编译 |
| 702 | 0 | @a李天辰@Ali tian chen@4译 |
| 702 | 0 | @a刘世生@Aliu shi sheng@4译 |
| 801 | 0 | @aCN@bNLC@c19920805 |
| 905 | @f4@b245503-506@dH319.4@e440:2 | |
| 孟子名言=A collection of Mencius' sayings/骆承烈编译/李天辰,刘世生译.-济南:齐鲁书社,1991.12 |
| 109页;19cm |
| 汉英对照读本 |
| ISBN 7-5333-0227-3:CNY2.10 |
| ● |
| 相关链接 |
|
|
|
|
正题名:孟子名言
索取号:H319.4/440:2
 
预约/预借
| 序号 | 登录号 | 条形码 | 馆藏地/架位号 | 状态 | 备注 |
| 1 | 0245503 | 001072653 | 第四借阅区/ [索取号:H319.4/440:2] | 在馆 | |
| 2 | 0245504 | 001072662 | 第四借阅区/ [索取号:H319.4/440:2] | 在馆 | |
| 3 | 0245505 | 001072617 | 第四借阅区/ [索取号:H319.4/440:2] | 在馆 | |
| 4 | 0245506 | 001072626 | 第四借阅区/ [索取号:H319.4/440:2] | 在馆 | |
| 5 | 0245507 | 001072671 | 第二样本阅览室/ [索取号:H319.4/440:2] | 在馆 |